Los enfoques teóricos de la tecnología educativa y la percepción de los docentes en la integración de los medios didácticos al curriculum /

El presente estudio pretende conocer las percepciones de docentes en relación a la integración de los medios didácticos. Junto con ello, descubrir la presencia de los enfoques teóricos de la Tecnología Educativa en la práctica de los docentes de distintos niveles educativos. Finalmente bosquejar con...

Descripción completa

Detalles Bibliográficos
Autor principal: Garay A., Victoria
Otros Autores: Guajardo Momberg, Marcela, Perona, Alberto M.
Formato: Analitica de revista
Lenguaje:español

MARC

LEADER 00000cab a2200000 a 4500
001 026182
003 UAHC_CL
005 20180808122211.0
008 051214b xx j 000 1 spa
952 |0 0  |1 0  |2 ddc  |4 0  |6 BOL___INVEST__EDUC_15_00_000000000000000  |7 0  |8 COMP  |9 52969  |a BC  |b BC  |c General  |d 2017-08-03  |l 0  |o BOL. INVEST. EDUC.-15/00  |r 2018-01-17 00:00:00  |w 2017-08-03  |y REVA 
999 |c 26182  |d 26182 
040 |a UAHC_CL  |c UAHC_CL  |d UAHC_CL 
100 1 |a Garay A., Victoria 
245 1 4 |a Los enfoques teóricos de la tecnología educativa y la percepción de los docentes en la integración de los medios didácticos al curriculum /  |c Victoria Garay, Marcela Guajardo, Alberto Perona. 
500 |a Boletín de Investigación Educacional (Santiago) 2000. vol.15, p. 214-233 
520 |a El presente estudio pretende conocer las percepciones de docentes en relación a la integración de los medios didácticos. Junto con ello, descubrir la presencia de los enfoques teóricos de la Tecnología Educativa en la práctica de los docentes de distintos niveles educativos. Finalmente bosquejar conclusiones y propuestas a partir de las entrevistas y revisión bibliográfica efectuada. 
700 1 |a Guajardo Momberg, Marcela 
700 1 |a Perona, Alberto M. 
773 0 |t Boletín de Investigación Educacional.  |w 025995 
900 |a BOL. INVEST. EDUC.-15/00 
942 |c REVA  |2 ddc